00223nam a2200109Ia 450000500170000002000180001710000110003536500080004636500100005424500360006426000130010020260513122053.0 a9783030542580 aSkiena c€ b28.00 aThe Algorithm Design Manual 3/e bSpringer